000 00645nam a2200157 a 4500
008 081212s2007 ||||||||||||||||| || u
020 _a9781845282257
050 _aHD 31 Fai
100 _aFairweather, Alan
245 1 0 _aHow to be a motivational manager: an essential guide for leaders and managers who need to get fast results with minimum stress
260 _aOxford
_bHow To Books
_c2007
300 _avii, 227p.
350 _a0.00
650 0 _aMANAGEMENT
995 _D95000.00
_FCBU-MAIN LIBRARY (Kitwe)
_H1
_I0.00
_M1
_ULOST
_VMar 11, 2013
_WJan 9, 2009
_ZMain Library Open Access Collection
999 _c45784
_d45784